000 00297nam a2200121Ia 4500
008 190216s9999||||xx |||||||||||||| ||und||
100 _aChellappan Nair N P
245 0 _aPhysics: A Text Book For Class Xii
260 _bNcrt - Newdelhi
_c2003
300 _a550
650 _aPhysics
942 _cREF
999 _c36707
_d36707